[Event "BCF-chT3 1112 (4NCL)"]
[Site "England"]
[Date "2012.05.07"]
[Round "9.213"]
[White "Lutton, Josiah Ezra"]
[Black "Homer, Neil S"]
[Result "1-0"]
[WhiteElo "2105"]
[BlackElo "1599"]
[PlyCount "94"]
[EventDate "2011.11.12"]
[EventType "team-swiss"]
[EventRounds "11"]
[EventCountry "ENG"]
[SourceTitle "EXT 2013"]
[Source "ChessBase"]
[SourceDate "2012.11.22"]
[SourceVersion "1"]
[SourceVersionDate "2012.11.22"]
[SourceQuality "1"]
[WhiteTeam "Sons of Anarchy"]
[BlackTeam "e2e4.org.uk VI"]
[WhiteTeamCountry "ENG"]
[BlackTeamCountry "ENG"]

1. Nc3 d5 2. e4 c6 3. f4 dxe4 4. Nxe4 Bf5 5. Ng3 Bc8 6. Bc4 e6 7. Nf3 Nd7 8. 0-0 Ngf6 9. d3 Bc5+ 10. Kh1 0-0 11. Ne5 Nb6 12. Bb3 Nbd5 13. Ne4 Nxe4 14. dxe4 Nf6 15. Qf3 Qd4 16. Re1 Qf2 17. Qd1 Bb6 18. Re2 Qc5 19. Be3 Qe7 20. Bxb6 axb6 21. Re3 Bd7 22. g4 Rfd8 23. g5 Be8 24. Qg1 Nh5 25. Qg4 g6 26. f5 Qc5 27. fxg6 hxg6 28. Nxf7 Bxf7 29. Rf3 Rf8 30. Raf1 Qe7 31. e5 Rad8 32. Qh3 b5 33. Rf6 Ng7 34. Qh6 c5 35. c3 c4 36. Bc2 Nf5 37. Bxf5 exf5 38. R1xf5 Bd5+ 39. Kg1 Rxf6 40. gxf6 Qc5+ 41. Rf2 Rd7 42. Qxg6+ Kf8 43. Qh6+ Kg8 44. Qh5 Kf8 45. e6 Qxf2+ 46. Kxf2 Bxe6 47. h4 Bd5 1-0

[Event "BCF-chT2b 1112 (4NCL)"]
[Site "England"]
[Date "2012.03.31"]
[Round "7.14"]
[White "Headlong, Timothy"]
[Black "Lutton, Josiah Ezra"]
[Result "1/2-1/2"]
[WhiteElo "2179"]
[BlackElo "2105"]
[PlyCount "50"]
[EventDate "2011.11.12"]
[EventType "team-match"]
[EventRounds "7"]
[EventCountry "ENG"]
[SourceTitle "EXT 2013"]
[Source "ChessBase"]
[SourceDate "2012.11.22"]
[SourceVersion "1"]
[SourceVersionDate "2012.11.22"]
[SourceQuality "1"]
[WhiteTeam "Brown Jack"]
[BlackTeam "Sambuca Sharks"]
[WhiteTeamCountry "ENG"]
[BlackTeamCountry "ENG"]

1. Nf3 Nf6 2. c4 g6 3. Nc3 Bg7 4. e4 d6 5. d4 0-0 6. Be2 e5 7. d5 Na6 8. 0-0 Nc5 9. Qc2 Nh5 10. b4 Na6 11. a3 f5 12. Ne1 Nf4 13. Bf3 g5 14. Ra2 g4 15. Bd1 Qh4 16. g3 Nh3+ 17. Kh1 Qh5 18. f3 f4 19. fxg4 Bxg4 20. Bxg4 Qxg4 21. Qe2 Qg6 22. Qg2 Qh5 23. Qe2 Qg6 24. Qg2 Qh5 25. Qe2 Qg6 1/2-1/2

[Event "BCF-chT2 1011 (4NCL)"]
[Site "England"]
[Date "2011.03.27"]
[Round "8.52"]
[White "Arnott, Jonathan"]
[Black "Lutton, Josiah Ezra"]
[Result "1-0"]
[WhiteElo "2176"]
[BlackElo "2109"]
[PlyCount "71"]
[EventDate "2010.11.06"]
[EventType "team-swiss"]
[EventRounds "11"]
[EventCountry "ENG"]
[SourceTitle "EXT 2012"]
[Source "ChessBase"]
[SourceDate "2011.11.24"]
[SourceVersion "1"]
[SourceVersionDate "2011.11.24"]
[SourceQuality "1"]
[WhiteTeam "White Rose II"]
[BlackTeam "Sambuca Black Sheep"]
[WhiteTeamCountry "ENG"]
[BlackTeamCountry "ENG"]

1. e4 h6 2. b3 a6 3. Bb2 b5 4. d4 Bb7 5. Nd2 e6 6. Bd3 Nf6 7. Ne2 c5 8. 0-0 c4 9. bxc4 bxc4 10. Bxc4 Nxe4 11. Nxe4 Bxe4 12. Ng3 Bb7 13. d5 Qc7 14. Qe2 h5 15. Rfe1 Rh6 16. Bc1 Rg6 17. Bd3 Bxd5 18. Qxh5 Qa5 19. Bg5 Rxg5 20. Qxg5 Nc6 21. Nf5 g6 22. Ne3 Be7 23. Qg3 Bf6 24. Rad1 Bxa2 25. Nc4 Bxc4 26. Bxc4 Be5 27. f4 Qc5+ 28. Kh1 Bd4 29. Qd3 Bf2 30. Qxd7+ Kf8 31. Bxe6 fxe6 32. Rxe6 Ne7 33. Rf6+ Kg7 34. Rdd6 Qb5 35. Rxg6+ Kh8 36. Qh3+ 1-0

[Event "BCF-chT2 1011 (4NCL)"]
[Site "England"]
[Date "2011.03.26"]
[Round "7.62"]
[White "Lutton, Josiah Ezra"]
[Black "Swanson, Stephen"]
[Result "0-1"]
[WhiteElo "2109"]
[BlackElo "2269"]
[PlyCount "90"]
[EventDate "2010.11.06"]
[EventType "team-swiss"]
[EventRounds "11"]
[EventCountry "ENG"]
[SourceTitle "EXT 2012"]
[Source "ChessBase"]
[SourceDate "2011.11.24"]
[SourceVersion "1"]
[SourceVersionDate "2011.11.24"]
[SourceQuality "1"]
[WhiteTeam "Sambuca Black Sheep"]
[BlackTeam "Poisoned Pawns"]
[WhiteTeamCountry "ENG"]
[BlackTeamCountry "ENG"]

1. Nc3 g6 2. e4 Bg7 3. f4 c6 4. Nf3 d5 5. d3 dxe4 6. dxe4 Bxc3+ 7. bxc3 Qxd1+ 8. Kxd1 Nf6 9. Bd3 Na6 10. Ba3 Nc7 11. Re1 b6 12. Ne5 c5 13. h3 Bb7 14. Rb1 Ba6 15. Bc1 0-0 16. a4 Rfd8 17. Bd2 Bb7 18. a5 b5 19. Bxb5 Nxe4 20. Bd3 Nf2+ 21. Ke2 Nxd3 22. Nxd3 Bxg2 23. Nxc5 Bxh3 24. Rb7 Bg4+ 25. Ke3 Rac8 26. Nb3 a6 27. Kf2 Nd5 28. Kg3 h5 29. Ra7 Rd6 30. Kh4 Kg7 31. Nd4 Rc4 32. Bc1 Rf6 33. Re4 Rxc3 34. Bb2 Rh3+ 35. Kg5 Rg3 36. Kh4 Rh3+ 37. Kg5 Bc8 38. f5 Kh7 39. Rexe7 Rg3+ 40. Kh4 Rg4+ 41. Kh3 Nxe7 42. Rxe7 Bxf5 43. Kh2 Be4 44. Re8 Rf2+ 45. Kh3 Bg2+ 0-1

[Event "BCF-chT2 1011 (4NCL)"]
[Site "England"]
[Date "2011.01.15"]
[Round "3.65"]
[White "Lutton, Josiah Ezra"]
[Black "Purdon, Colin"]
[Result "1-0"]
[WhiteElo "2109"]
[BlackElo "2074"]
[PlyCount "67"]
[EventDate "2010.11.06"]
[EventType "team-swiss"]
[EventRounds "11"]
[EventCountry "ENG"]
[SourceTitle "EXT 2012"]
[Source "ChessBase"]
[SourceDate "2011.11.24"]
[SourceVersion "1"]
[SourceVersionDate "2011.11.24"]
[SourceQuality "1"]
[WhiteTeam "Sambuca Black Sheep"]
[BlackTeam "AMCA Dragons"]
[WhiteTeamCountry "ENG"]
[BlackTeamCountry "ENG"]

1. Nc3 Nf6 2. e4 e5 3. Bc4 Nc6 4. d3 Bb4 5. a3 Bxc3+ 6. bxc3 d5 7. exd5 Nxd5 8. Qf3 Be6 9. Bd2 Qd7 10. Qg3 0-0 11. Nf3 f6 12. h4 Nde7 13. Bxe6+ Qxe6 14. h5 e4 15. dxe4 Qxe4+ 16. Kd1 Rad8 17. h6 Nf5 18. Qxc7 Rf7 19. Qh2 g6 20. Re1 Qd5 21. Re2 Re7 22. Rxe7 Nfxe7 23. Qf4 Qd6 24. Qa4 Nd5 25. Kc1 Qc5 26. Nd4 Nxc3 27. Qb3+ Qd5 28. Qxb7 Rd7 29. Qxc6 Ne2+ 30. Kd1 Qxd4 31. Kxe2 Re7+ 32. Kf3 Qxa1 33. Qd5+ Rf7 34. Bb4 1-0

[Event "Monarch Assurance 13th"]
[Site "Port Erin"]
[Date "2004.10.02"]
[Round "8"]
[White "Lutton, Josiah Ezra"]
[Black "Ramaswamy, Aarthie"]
[Result "1/2-1/2"]
[WhiteElo "2134"]
[BlackElo "2299"]
[PlyCount "43"]
[EventDate "2004.09.25"]
[EventType "swiss"]
[EventRounds "9"]
[EventCountry "IOM"]
[SourceTitle "CBM 102 Extra"]
[Source "ChessBase"]
[SourceDate "2004.11.03"]
[SourceVersion "1"]
[SourceVersionDate "2004.11.03"]
[SourceQuality "1"]

1. Nc3 c5 2. e4 Nc6 3. f4 g6 4. Nf3 Bg7 5. Bb5 Nd4 6. Bd3 d6 7. Nxd4 cxd4 8. Ne2 Nf6 9. c3 dxc3 10. bxc3 0-0 11. Bc2 b5 12. 0-0 Bb7 13. d3 a6 14. Qe1 Nd7 15. f5 d5 16. Rf3 dxe4 17. dxe4 Nc5 18. Qh4 Bf6 19. Qh6 Bg7 20. Qh4 Bf6 21. Qh6 Bg7 22. Qh4 1/2-1/2

[Event "Monarch Assurance 13th"]
[Site "Port Erin"]
[Date "2004.09.30"]
[Round "6"]
[White "Lutton, Josiah Ezra"]
[Black "Ashton, Adam"]
[Result "0-1"]
[WhiteElo "2134"]
[BlackElo "2270"]
[PlyCount "118"]
[EventDate "2004.09.25"]
[EventType "swiss"]
[EventRounds "9"]
[EventCountry "IOM"]
[SourceTitle "CBM 102 Extra"]
[Source "ChessBase"]
[SourceDate "2004.11.03"]
[SourceVersion "1"]
[SourceVersionDate "2004.11.03"]
[SourceQuality "1"]

1. e4 e5 2. Nc3 Nf6 3. Bc4 Nc6 4. d3 Na5 5. Bg5 h6 6. Bxf6 Qxf6 7. Nd5 Qd8 8. Qh5 Nxc4 9. dxc4 d6 10. 0-0-0 c6 11. Ne3 Qa5 12. Kb1 Be6 13. f4 g6 14. Qf3 exf4 15. Qxf4 Qe5 16. Qxe5 dxe5 17. Nf3 Bg7 18. Nd2 b6 19. Nb3 Ke7 20. c5 Rhd8 21. a4 f5 22. Rxd8 Rxd8 23. Rd1 f4 24. cxb6 axb6 25. Rxd8 Kxd8 26. Nf1 g5 27. Nfd2 g4 28. Kc1 h5 29. Kd1 Bf8 30. Ke1 Kc7 31. Ke2 Bh6 32. c3 Kd6 33. c4 h4 34. Kd3 f3 35. gxf3 g3 36. hxg3 hxg3 37. Ke2 Bh3 38. c5+ bxc5 39. Nc4+ Kc7 40. Nxc5 Bf4 41. Ne3 g2 42. Nxg2 Bxg2 43. Ne6+ Kd6 44. a5 Kxe6 45. a6 Bf1+ 46. Kxf1 Be3 47. Kg2 Kf6 48. Kg3 Kg5 49. f4+ exf4+ 50. Kf3 Ba7 51. e5 Kf5 52. e6 Kxe6 53. Kxf4 Kd5 54. Kf5 Kc5 55. Ke5 Kb5 56. Kd6 c5 57. Kd5 Kxa6 58. Kc4 Ka5 59. b3 Bb6 0-1

[Event "Monarch Assurance 13th"]
[Site "Port Erin"]
[Date "2004.09.28"]
[Round "4"]
[White "Lutton, Josiah Ezra"]
[Black "Fairbairn, Stephen"]
[Result "1-0"]
[WhiteElo "2134"]
[BlackElo "2057"]
[PlyCount "43"]
[EventDate "2004.09.25"]
[EventType "swiss"]
[EventRounds "9"]
[EventCountry "IOM"]
[SourceTitle "CBM 102 Extra"]
[Source "ChessBase"]
[SourceDate "2004.11.03"]
[SourceVersion "1"]
[SourceVersionDate "2004.11.03"]
[SourceQuality "1"]

1. Nc3 d5 2. e4 dxe4 3. d3 Nf6 4. Bg5 exd3 5. Bxd3 e6 6. Qe2 Be7 7. 0-0-0 Nbd7 8. Nf3 0-0 9. h4 c6 10. Bxf6 Bxf6 11. Bxh7+ Kh8 12. Bd3 Bxc3 13. bxc3 Qf6 14. Qe4 Qh6+ 15. Kb1 Nf6 16. Qb4 Kg8 17. Ng5 b6 18. Qe7 Nd5 19. Bh7+ Qxh7 20. Rxd5 Qg6 21. Rd8 Ba6 22. Qxf8# 1-0

[Event "Monarch Assurance 13th"]
[Site "Port Erin"]
[Date "2004.09.26"]
[Round "2"]
[White "Lutton, Josiah Ezra"]
[Black "Conquest, Stuart"]
[Result "0-1"]
[WhiteElo "2134"]
[BlackElo "2488"]
[PlyCount "52"]
[EventDate "2004.09.25"]
[EventType "swiss"]
[EventRounds "9"]
[EventCountry "IOM"]
[SourceTitle "CBM 102 Extra"]
[Source "ChessBase"]
[SourceDate "2004.11.03"]
[SourceVersion "1"]
[SourceVersionDate "2004.11.03"]
[SourceQuality "1"]

1. Nc3 c5 2. e4 a6 3. f4 b5 4. Nf3 Bb7 5. d3 d6 6. Be2 g6 7. 0-0 Bg7 8. Qe1 Nc6 9. f5 Nf6 10. Bd1 b4 11. Ne2 Qd7 12. a3 gxf5 13. Ng3 fxe4 14. Nxe4 Nxe4 15. dxe4 h6 16. Qg3 Rg8 17. Qf4 Bf6 18. axb4 Nxb4 19. c3 Nd3 20. Qxh6 Qg4 21. Qd2 Qxe4 22. Ba4+ Kd8 23. Bc2 c4 24. b3 Bxc3 25. Qxc3 Rxg2+ 26. Kh1 Rg1+ 0-1

[Event "Monarch Assurance 13th"]
[Site "Port Erin"]
[Date "2004.09.25"]
[Round "1"]
[White "Spanton, Timothy"]
[Black "Lutton, Josiah Ezra"]
[Result "0-1"]
[WhiteElo "2004"]
[BlackElo "2134"]
[PlyCount "22"]
[EventDate "2004.09.25"]
[EventType "swiss"]
[EventRounds "9"]
[EventCountry "IOM"]
[SourceTitle "CBM 102 Extra"]
[Source "ChessBase"]
[SourceDate "2004.11.03"]
[SourceVersion "1"]
[SourceVersionDate "2004.11.03"]
[SourceQuality "1"]

1. c4 e5 2. g3 Nc6 3. Bg2 f5 4. Nc3 Nf6 5. d3 Bb4 6. Bd2 0-0 7. a3 Bxc3 8. Bxc3 d6 9. e3 f4 10. Nh3 Qe8 11. 0-0 f3 0-1

[Event "Specsavers YM 14th"]
[Site "Millfield"]
[Date "2004.07.24"]
[Round "9"]
[White "White, Michael JR"]
[Black "Lutton, Josiah Ezra"]
[Result "1-0"]
[WhiteElo "2154"]
[BlackElo "2134"]
[PlyCount "67"]
[EventDate "2004.07.19"]
[EventType "swiss"]
[EventRounds "10"]
[EventCountry "ENG"]
[SourceTitle "CBM 101 Extra"]
[Source "ChessBase"]
[SourceDate "2004.09.01"]
[SourceVersion "2"]
[SourceVersionDate "2004.09.01"]
[SourceQuality "1"]

1. e4 Nc6 2. Nf3 f5 3. exf5 d5 4. d4 Bxf5 5. Bb5 Qd6 6. Ne5 Nf6 7. 0-0 Nd7 8. Re1 Ndxe5 9. Rxe5 e6 10. g4 Bg6 11. Qe2 Bf7 12. Bg5 a6 13. Bxc6+ Qxc6 14. Nc3 Kd7 15. Re1 Bd6 16. Re3 Rae8 17. Bh4 Bf4 18. Rf3 e5 19. dxe5 Rxe5 20. Qd1 Rxe1+ 21. Qxe1 Re8 22. Qd1 Qd6 23. Bg3 Bxg3 24. Rxf7+ Ke6 25. Qf3 Bxh2+ 26. Kg2 Qe5 27. Rf5 Qd6 28. Rf7 Qe5 29. Rf5 Qd6 30. Rxd5 Qf4 31. Qh3 c6 32. Rf5 Qd4 33. Kxh2 g6 34. Rf3 1-0

[Event "Specsavers YM 14th"]
[Site "Millfield"]
[Date "2004.07.22"]
[Round "5"]
[White "Palliser, Richard"]
[Black "Lutton, Josiah Ezra"]
[Result "1-0"]
[WhiteElo "2411"]
[BlackElo "2134"]
[PlyCount "71"]
[EventDate "2004.07.19"]
[EventType "swiss"]
[EventRounds "10"]
[EventCountry "ENG"]
[SourceTitle "CBM 101 Extra"]
[Source "ChessBase"]
[SourceDate "2004.09.01"]
[SourceVersion "2"]
[SourceVersionDate "2004.09.01"]
[SourceQuality "1"]

1. d4 g6 2. c4 Nf6 3. Nc3 Bg7 4. e4 d6 5. Nge2 b6 6. Ng3 Bb7 7. Be2 0-0 8. Bg5 h6 9. Be3 e5 10. d5 Ne8 11. Qd2 Kh7 12. h4 Bc8 13. h5 g5 14. Qd1 Qd7 15. 0-0 Bf6 16. b4 Be7 17. Rc1 a5 18. a3 axb4 19. axb4 Na6 20. Ra1 Bb7 21. Ra4 Ng7 22. Bg4 Qd8 23. Qb3 Nb8 24. Rxa8 Bxa8 25. Ra1 Bb7 26. c5 dxc5 27. bxc5 Bc8 28. Bxc8 Qxc8 29. d6 cxd6 30. cxb6 f5 31. exf5 Nxf5 32. Ra7 Nc6 33. Rc7 Qe8 34. Qb1 Ncd4 35. Bxd4 exd4 36. Nxf5 1-0

[Event "BCF-chT3 0304 (4NCL)"]
[Site "West Bromwich"]
[Date "2004.05.31"]
[Round "9.8"]
[White "Lutton, Josiah Ezra"]
[Black "McIntosh, Doreen"]
[Result "1-0"]
[WhiteElo "2138"]
[BlackElo "1304"]
[PlyCount "107"]
[EventDate "2003.11.23"]
[EventType "team"]
[EventRounds "11"]
[EventCountry "ENG"]
[SourceTitle "EXT 2005"]
[Source "ChessBase"]
[SourceDate "2004.11.15"]
[SourceVersion "1"]
[SourceVersionDate "2004.11.15"]
[SourceQuality "1"]
[WhiteTeam "Slough II"]
[BlackTeam "The ADS II"]
[WhiteTeamCountry "ENG"]
[BlackTeamCountry "ENG"]

1. Nc3 Nf6 2. e4 e5 3. Bc4 Be7 4. d3 d6 5. f4 Nc6 6. a3 a6 7. Nf3 Bg4 8. h3 Bxf3 9. Qxf3 Nd4 10. Qf2 0-0 11. 0-0 c5 12. g4 b5 13. Ba2 h6 14. g5 hxg5 15. fxg5 Nh5 16. Bxf7+ Kh8 17. Qh4 g6 18. Bxg6 Rxf1+ 19. Kxf1 Qf8+ 20. Kg2 Qf3+ 21. Kg1 Qg3+ 22. Qxg3 Nxg3 23. Kf2 Kg7 24. Kxg3 Kxg6 25. Kg4 Rf8 26. Nd5 Bd8 27. h4 Rf1 28. b3 Rg1+ 29. Kh3 Rh1+ 30. Kg2 Rxh4 31. Ra2 Bxg5 32. Bxg5 Kxg5 33. b4 Ne2 34. Nc7 Nf4+ 35. Kg1 Ne2+ 36. Kf1 Nc3 37. Rb2 Rh1+ 38. Kg2 Ra1 39. bxc5 dxc5 40. Nxa6 Rxa3 41. Nxc5 Kf4 42. Rb3 b4 43. Rxa3 bxa3 44. Kf2 a2 45. Nb3 Nd1+ 46. Ke2 Nc3+ 47. Kd2 Nb5 48. Kc1 Ke3 49. Kb2 Nd4 50. Nxd4 Kxd4 51. Kxa2 Kc3 52. Kb1 Kd4 53. Kb2 Kc5 54. Kc3 1-0

[Event "BCF-chT4 0304 (4NCL)"]
[Site "West Bromwich "]
[Date "2004.05.30"]
[Round "8.2"]
[White "Alfred, Nathan"]
[Black "Lutton, Josiah Ezra"]
[Result "1-0"]
[WhiteElo "2356"]
[BlackElo "2138"]
[PlyCount "85"]
[EventDate "2003.10.??"]
[EventType "team"]
[EventRounds "11"]
[EventCountry "ENG"]
[SourceTitle "EXT 2005"]
[Source "ChessBase"]
[SourceDate "2004.11.15"]
[SourceVersion "1"]
[SourceVersionDate "2004.11.15"]
[SourceQuality "1"]
[WhiteTeam "Cambridge"]
[BlackTeam "Slough III"]
[WhiteTeamCountry "ENG"]
[BlackTeamCountry "ENG"]

1. d4 g6 2. Nf3 Nf6 3. c4 d6 4. Nc3 Bg7 5. e4 0-0 6. Be2 Nc6 7. 0-0 e5 8. d5 Ne7 9. Bg5 h6 10. Bxf6 Bxf6 11. Qd2 Bg7 12. b4 f5 13. c5 f4 14. Ne1 a6 15. a4 Qe8 16. a5 g5 17. f3 h5 18. cxd6 cxd6 19. Na4 Bd7 20. Nb6 Rb8 21. Rc1 Nc8 22. Nxd7 Qxd7 23. Nd3 Bf6 24. Rc2 Na7 25. Nb2 Rfc8 26. Nc4 Bd8 27. Rfc1 Nb5 28. Bf1 Kf8 29. Kh1 Nd4 30. Rc3 Ke7 31. g3 Nb5 32. R3c2 Nd4 33. Rc3 Nb5 34. Nb6 Bxb6 35. Bxb5 Qxb5 36. axb6 Rxc3 37. Qxc3 Rd8 38. gxf4 Qe2 39. fxe5 Rc8 40. exd6+ Kf7 41. Re1 Qxh2+ 42. Kxh2 Rxc3 43. e5 1-0

[Event "BCF-chT4 0304 (4NCL)"]
[Site "West Bromwich "]
[Date "2004.05.29"]
[Round "7.4"]
[White "Lutton, Josiah Ezra"]
[Black "Winfridsson, Ola"]
[Result "1/2-1/2"]
[WhiteElo "2138"]
[BlackElo "2057"]
[PlyCount "112"]
[EventDate "2003.10.??"]
[EventType "team"]
[EventRounds "11"]
[EventCountry "ENG"]
[SourceTitle "EXT 2005"]
[Source "ChessBase"]
[SourceDate "2004.11.15"]
[SourceVersion "1"]
[SourceVersionDate "2004.11.15"]
[SourceQuality "1"]
[WhiteTeam "Slough III"]
[BlackTeam "Poisoned Pawns II"]
[WhiteTeamCountry "ENG"]
[BlackTeamCountry "ENG"]

1. Nc3 c6 2. e4 d5 3. d3 dxe4 4. Bg5 Nf6 5. dxe4 Qxd1+ 6. Rxd1 Nbd7 7. Bc4 h6 8. Bh4 e6 9. f3 Bb4 10. Nge2 Nb6 11. Bb3 Bc5 12. a3 0-0 13. Ba2 a5 14. Nc1 g5 15. Bg3 Nh5 16. Nd3 Bd4 17. Ne2 Be3 18. Bc7 Nd7 19. Ne5 Nxe5 20. Bxe5 Nf4 21. Nxf4 gxf4 22. Bf6 Re8 23. e5 b5 24. Rd6 c5 25. Ke2 Ba6 26. b4 cxb4 27. axb4 Rec8 28. Kd3 axb4 29. Bb3 Rc3+ 30. Ke2 Bb7 31. Rhd1 Bd5 32. R1xd5 exd5 33. e6 fxe6 34. Bxc3 bxc3 35. Rxe6 Rd8 36. Rxh6 Kg7 37. Rh5 d4 38. Rxb5 Rh8 39. h3 Re8 40. Bd5 Re5 41. Rb7+ Kf6 42. Be4 Kg5 43. Rg7+ Kf6 44. Rg6+ Kf7 45. Rg4 Ra5 46. g3 fxg3 47. Rxg3 Ra1 48. Rg4 Rg1 49. h4 Kf6 50. Rxg1 Bxg1 51. f4 Be3 52. Kf3 Bc1 53. h5 Kg7 54. Bg6 Kh6 55. Ke4 d3 56. Kxd3 Bxf4 1/2-1/2

[Event "BCF-chT3 0304 (4NCL)"]
[Site "West Bromwich"]
[Date "2003.11.22"]
[Round "1.3"]
[White "Lutton, Josiah Ezra"]
[Black "Gruettner, Ralf"]
[Result "1-0"]
[WhiteElo "2138"]
[BlackElo "2073"]
[PlyCount "59"]
[EventDate "2003.11.23"]
[EventType "team"]
[EventRounds "11"]
[EventCountry "ENG"]
[SourceTitle "EXT 2005"]
[Source "ChessBase"]
[SourceDate "2004.11.15"]
[SourceVersion "1"]
[SourceVersionDate "2004.11.15"]
[SourceQuality "1"]
[WhiteTeam "Slough II"]
[BlackTeam "Athenaeum"]
[WhiteTeamCountry "ENG"]
[BlackTeamCountry "ENG"]

1. Nc3 Nf6 2. e4 d5 3. d3 dxe4 4. Bg5 Bg4 5. Qd2 e6 6. Qf4 Bh5 7. dxe4 Be7 8. Qh4 Bg6 9. Bd3 Nbd7 10. 0-0-0 c6 11. f4 Qa5 12. e5 Ng8 13. Bxg6 fxg6 14. Nf3 Nc5 15. Rd4 Nh6 16. g4 Bxg5 17. Nxg5 0-0 18. Nxh7 Kxh7 19. g5 Rad8 20. Rxd8 Qxd8 21. Rd1 Qe7 22. b4 Kg8 23. bxc5 Qxc5 24. gxh6 Qxc3 25. Rd3 Qa1+ 26. Kd2 Qxa2 27. hxg7 Qa5+ 28. Ke2 Kxg7 29. Rd7+ Rf7 30. Qf6+ 1-0

[Event "Smith & Williamson YM Rated 13th"]
[Site "Millfield"]
[Date "2003.07.16"]
[Round "9"]
[White "Lutton, Josiah Ezra"]
[Black "Linford, Charles M"]
[Result "0-1"]
[WhiteElo "2133"]
[BlackElo "2207"]
[PlyCount "74"]
[EventDate "2003.07.09"]
[EventType "swiss"]
[EventRounds "11"]
[EventCountry "ENG"]
[SourceTitle "CBM 095 Extra"]
[Source "ChessBase"]
[SourceDate "2003.09.04"]
[SourceVersion "1"]
[SourceVersionDate "2003.09.04"]
[SourceQuality "1"]

1. Nc3 c5 2. e4 e6 3. f4 d5 4. Bb5+ Bd7 5. Bxd7+ Qxd7 6. d3 Be7 7. Nf3 Nc6 8. 0-0 dxe4 9. Nxe4 Nf6 10. Qe1 0-0 11. Kh1 Rac8 12. Qg3 Nd4 13. Rf2 Nf5 14. Qh3 Nxe4 15. dxe4 Qd1+ 16. Ng1 Nd4 17. c3 Nc6 18. b3 Rfd8 19. f5 Rd3 20. Rf3 Rxf3 21. gxf3 exf5 22. Qxf5 Rd8 23. Qg4 g6 24. Qg2 Bf6 25. Qb2 Qd3 26. Qe2 Bxc3 27. Qxd3 Rxd3 28. Rb1 Rd1 29. Kg2 Nd4 30. Kf2 Bd2 31. Ne2 Nxe2 32. Kxe2 Rxc1 33. Rxc1 Bxc1 34. Kd3 b5 35. a4 bxa4 36. bxa4 a5 37. Kc4 Ba3 0-1

[Event "Smith & Williamson YM Rated 13th"]
[Site "Millfield"]
[Date "2003.07.14"]
[Round "5"]
[White "Lutton, Josiah Ezra"]
[Black "Bareham, David C"]
[Result "1-0"]
[WhiteElo "2133"]
[BlackElo "2162"]
[PlyCount "71"]
[EventDate "2003.07.09"]
[EventType "swiss"]
[EventRounds "11"]
[EventCountry "ENG"]
[SourceTitle "CBM 095 Extra"]
[Source "ChessBase"]
[SourceDate "2003.09.04"]
[SourceVersion "1"]
[SourceVersionDate "2003.09.04"]
[SourceQuality "1"]

1. Nc3 c5 2. e4 Nc6 3. f4 g6 4. Nf3 Bg7 5. Bb5 Na5 6. Be2 d6 7. 0-0 Nf6 8. d3 0-0 9. Qe1 Nc6 10. Qh4 Nd4 11. Bd1 Nd7 12. f5 gxf5 13. Bh6 e6 14. Qg3 Qf6 15. Bg5 Nxf3+ 16. Rxf3 Qe5 17. Qh4 fxe4 18. Rh3 Qf5 19. Bg4 Qg6 20. Bh5 Bd4+ 21. Kh1 Qg7 22. Bh6 Qf6 23. Rg3+ Kh8 24. Bg7+ Qxg7 25. Rxg7 Bxg7 26. Nxe4 f5 27. Ng5 Nf6 28. Nxh7 Nxh5 29. Qxh5 Kg8 30. Nxf8 Kxf8 31. Re1 Bd7 32. Qg6 Re8 33. h4 Re7 34. h5 Be8 35. Qg5 Kf7 36. Re3 1-0

[Event "Smith & Williamson YM Rated 13th"]
[Site "Millfield"]
[Date "2003.07.12"]
[Round "3"]
[White "Kononenko, Daniil"]
[Black "Lutton, Josiah Ezra"]
[Result "0-1"]
[WhiteElo "2193"]
[BlackElo "2133"]
[PlyCount "88"]
[EventDate "2003.07.09"]
[EventType "swiss"]
[EventRounds "11"]
[EventCountry "ENG"]
[SourceTitle "CBM 095 Extra"]
[Source "ChessBase"]
[SourceDate "2003.09.04"]
[SourceVersion "1"]
[SourceVersionDate "2003.09.04"]
[SourceQuality "1"]

1. e4 Nc6 2. d4 d5 3. exd5 Qxd5 4. Nf3 Bg4 5. Be2 0-0-0 6. c4 Qh5 7. Be3 Nf6 8. Nbd2 e6 9. Qb3 Qa5 10. 0-0 e5 11. d5 Nd4 12. Bxd4 exd4 13. Qd3 c5 14. a3 Qc7 15. b4 b6 16. bxc5 bxc5 17. Rab1 Qf4 18. Qb3 Rd7 19. Qb5 Bd6 20. Qc6+ Bc7 21. Rb7 Qd6 22. Rfb1 Qxc6 23. dxc6 Re7 24. Rxa7 Kd8 25. Bd3 Bc8 26. Ra8 g6 27. Rb5 Bd6 28. Nb3 Rhe8 29. Nxc5 Bxc5 30. Rxc5 Re1+ 31. Nxe1 Rxe1+ 32. Bf1 d3 33. Raa5 Kc7 34. Rd5 Nxd5 35. Rxd5 Be6 36. Rd4 d2 37. Rxd2 Bxc4 38. h3 Bxf1 39. Kh2 Kxc6 40. Rc2+ Kd6 41. Ra2 Re2 42. Rxe2 Bxe2 43. Kg3 Ke5 44. a4 Kd4 0-1

[Event "Southend op"]
[Site "London"]
[Date "2003.04.19"]
[Round "4"]
[White "Millward, David J"]
[Black "Lutton, Josiah Ezra"]
[Result "0-1"]
[WhiteElo "2105"]
[BlackElo "2149"]
[PlyCount "70"]
[EventDate "2003.04.18"]
[EventType "swiss"]
[EventRounds "7"]
[EventCountry "ENG"]
[SourceTitle "EXT 2006"]
[Source "ChessBase"]
[SourceDate "2005.11.24"]
[SourceVersion "1"]
[SourceVersionDate "2005.11.24"]
[SourceQuality "1"]

1. e4 Nc6 2. d4 d5 3. e5 Bf5 4. c3 e6 5. Nf3 f6 6. Bb5 Qd7 7. 0-0 a6 8. Bd3 Bxd3 9. Qxd3 fxe5 10. Nxe5 Nxe5 11. dxe5 Ne7 12. Nd2 Ng6 13. Nf3 Be7 14. Re1 0-0 15. Re2 c5 16. Bd2 Rf5 17. Rae1 Raf8 18. a3 Bd8 19. b4 c4 20. Qc2 Qf7 21. Bc1 Rxf3 22. gxf3 Nh4 23. f4 Qh5 24. Re3 Rxf4 25. Rg3 Nf3+ 26. Rxf3 Rxf3 27. Re3 Rxe3 28. Bxe3 Qxe5 29. Qd2 Bf6 30. Bd4 Qg5+ 31. Qxg5 Bxg5 32. a4 b5 33. axb5 axb5 34. Kg2 Bf4 35. h3 e5 0-1

[Event "Southend op"]
[Site "London"]
[Date "2003.04.18"]
[Round "2"]
[White "Obiamiwe, Paul"]
[Black "Lutton, Josiah Ezra"]
[Result "0-1"]
[WhiteElo "2053"]
[BlackElo "2149"]
[PlyCount "66"]
[EventDate "2003.04.18"]
[EventType "swiss"]
[EventRounds "7"]
[EventCountry "ENG"]
[SourceTitle "EXT 2006"]
[Source "ChessBase"]
[SourceDate "2005.11.24"]
[SourceVersion "1"]
[SourceVersionDate "2005.11.24"]
[SourceQuality "1"]

1. e4 Nc6 2. Nf3 f5 3. exf5 d5 4. d4 Bxf5 5. c3 e6 6. Be2 Bd6 7. 0-0 Nf6 8. Re1 0-0 9. Bg5 Qe8 10. Nh4 Ne4 11. Be3 Qe7 12. Nxf5 exf5 13. Bf3 Qh4 14. g3 Qf6 15. Nd2 Kh8 16. Re2 g5 17. Bxe4 dxe4 18. f3 exf3 19. Nxf3 f4 20. gxf4 Bxf4 21. Bf2 g4 22. Ne5 Nxe5 23. dxe5 Bxe5 24. Qd5 Rae8 25. Rae1 h5 26. Bc5 Bxh2+ 27. Kxh2 Rxe2+ 28. Rxe2 g3+ 29. Kxg3 Qf4+ 30. Kg2 Qg4+ 31. Kh2 Qxe2+ 32. Kh1 Qf1+ 33. Bg1 Qh3+ 0-1